| Tag |
First Indicator |
Second Indicator |
Subfields |
| LEADER |
00000cam a2200000 a 4500 |
| 001 |
in00000877005 |
| 005 |
20151019111448.0 |
| 008 |
880420s1988 dcu b f00000 eng d |
| 010 |
|
|
|a gp 88017150
|
| 020 |
|
|
|c $7.50
|
| 035 |
|
|
|a (OCoLC)17858266
|
| 035 |
|
|
|9 AEH6120AM
|
| 037 |
|
|
|a 029-001-02968-3
|b GPO
|
| 040 |
|
|
|a ULL
|c ULL
|d GPO
|d UtOrBLW
|
| 050 |
|
0 |
|a 88017150
|
| 074 |
|
|
|a 768-A-1
|
| 086 |
0 |
|
|a L 2.3:2302
|
| 090 |
|
|
|a HD8051
|b .A5 no.2302
|
| 245 |
0 |
0 |
|a Projections 2000.
|
| 264 |
|
1 |
|a Washington, D.C. :
|b U.S. Dept. of Labor, Bureau of Labor Statistics :
|c [1988]
|
| 264 |
|
2 |
|a Washington, D.C. :
|b For sale by the Supt. of Docs., U.S. G.P.O.,
|
| 300 |
|
|
|a v, 139 pages ;
|c 28 cm.
|
| 336 |
|
|
|a text
|b txt
|2 rdacontent
|
| 337 |
|
|
|a unmediated
|b n
|2 rdamedia
|
| 338 |
|
|
|a volume
|b nc
|2 rdacarrier
|
| 490 |
1 |
|
|a Bulletin ;
|v 2302
|
| 500 |
|
|
|a Shipping list number: 88-244-P.
|
| 500 |
|
|
|a "March 1988."
|
| 500 |
|
|
|a Includes bibliographical references.
|
| 650 |
|
0 |
|a Employment forecasting
|z United States
|x Statistics.
|
| 650 |
|
0 |
|a Employment forecasting
|z United States
|x Mathematical models.
|
| 650 |
|
0 |
|a Economic forecasting
|z United States
|x Statistics.
|
| 651 |
|
0 |
|a United States
|x Economic conditions
|y 1981-2001
|v Statistics.
|
| 710 |
1 |
|
|a United States.
|b Bureau of Labor Statistics.
|
| 830 |
|
0 |
|a Bulletin of the United States Bureau of Labor Statistics ;
|v 2302.
|
| 999 |
|
|
|a MARS
|
| 999 |
f |
f |
|s 377dce8b-9e79-3a02-8d2c-eb3665b92bb4
|i e94bb7f7-e18a-331d-8261-c304d571eb00
|t 0
|
| 952 |
f |
f |
|p normal
|a Texas A&M University
|b College Station
|c Sterling C. Evans Library
|d Evans: US Documents (Annex 5th floor)
|t 0
|e L 2.3:2302
|h Superintendent of Documents classification
|i unmediated -- volume
|m A14813186228
|
| 998 |
f |
f |
|a L 2.3:2302
|t 0
|l Evans: US Documents (Annex 5th floor)
|